| LEADER 00000nam 2200000uu 4500 |
| 001 213441 |
| 003 ULIBM |
| 008 230628s||||||||th 000 0 tha d |
| 020 ^ ^a978-616-572-509-5
|
| 040 ^ ^abcnkk
|
| 041 ^atha
|
| 050 ^ ^aWS125^bน184ก 2563
|
| 100 ^ ^aนพรัตน์ ธาระณะ.
|
| 245 1 ^aการเลี้ยงลูกด้วยนมแม่ =^bBreastfeeding /^cนพรัตน์ ธาระณะ.
|
| 250 ^ ^aพิมพ์ครั้งที่ 1.
|
| 260 ^ ^aกรุงเทพฯ :^bจัดพิมพ์โดย นพรัตน์ ธาระณะ,^c2563.
|
| 300 ^ ^a140 หน้า :^bภาพประกอบ ;^c25 ซม.
|
| 505 2 ^aบทที่ 1.^tหลักการพื้นฐานการเลี้ยงลูกด้วยนมแม่ -- บทที่ 2.^tปัจจัยที่มีผลต่อความสำเร็จในการเลี้ยงลูกด้วยนมแม่อย่างเดียว 6 เดือน -- บทที่ 3.^tกระบวนการเลี้ยงลูกด้วยนมแม่ -- บทที่ 4.^tบทบาทพยาบาลในการส่งเสริมการเลี้ยงลูกด้วยนมแม่ -- บทที่ 5.^tปัญหาที่พบบ่อยในการเลี้ยงลูกด้วยนมแม่ในระยะหลังคลอด -- บทที่ 6.^tสถานการณ์มารดาหลังคลอดที่มีปัญหาการเลี้ยงลูกด้วยนมแม่.
|
| 650 ^ ^aการเลี้ยงลูกด้วยนมแม่.
|
| 650 ^ ^aการให้นม.
|
| 650 ^ ^aทารก^xการดูแล.
|
| 650 ^ ^aทารก^xโภชนาการ.
|
| 650 ^ ^aน้ำนมคน.
|
| 655 ^ ^aHealth Sciences Branch.
|
| 999 ^aใช้งานได้ทุกระบบ
|